Представление документа в формате RUSMARC

ПолеНазваниеЗначение
  Тип записи a
  Библиографический уровень m
001 Контрольный номер RU/SLIB/B/208750794
005 Дата корректировки 20221223144839.5
010 Индекс ISBN __
d Цена 555-00; 0-80, 25000 экз.
100 Данные общей обработки __
a Данные общей обработки 19181012d1982||||||| 0|||y0189 ca
101 Язык документа 0_
a Язык текста rus
102 Страна публикации __
a Страна публикации ru
102 Страна публикации __
a Страна публикации RU
105 Кодированные данные (монография) __
a Кодированные данные (монография) a||||||||||zy
200 Заглавие и сведения об ответственности 1_
a Заглавие Мысль чувствующая и живая
e Сведения, относящиеся к заглавию литературно-критические статьи
f Первые сведения об ответственности Юрий Селезнев
b Общее обозначение материала Текст
210 Выходные данные 1_
a Место издания Москва
c Издательство Современник
d Дата издания 1982
215 Физическое описание __
a Объем 336 с.
d Формат 21 см
300 Общие примечания __
a Общие примечания Рубцовиана
300 Общие примечания __
a Общие примечания Рубцовская коллекция
300 Общие примечания __
a Общие примечания Книга с экслибрисом С. А. Лагерева из личной библиотеки (1 экз.)
330 Аннотация __
a Аннотация Лауреат премии Ленинского комсомола, критик и литературовед Юрий Селезнев известен читателям по книгам: "Вечное движение (Искания современной прозы 60-х - начала 70-х годов)", "Созидающая память", "В мире Достоевского", "Достоевский" (в серии "ЖЗЛ"), по активным выступлениям в периодической печати. Эту книгу Ю. Селезнева, носящую во многом дискуссионный характер, составили его статьи, публиковавшиеся в периодических изданиях в последние годы. В них автор размышляет о месте и роли русской художественной классики в нашей жизни, о лучших достижениях современной литературы, представленной именами В. Астафьева, В. Белова, В. Распутина, Н. Рубцова, Ю. Кузнецова и др.
600 Персоналии _1
a Персоналии (Фамилия) Рубцов, Н. М.
c Дополнение к имени поэт русский
f Даты 1936-1971
g Полное имя Николай Михайлович
606 Тематические рубрики __
a Основная рубрика Литературоведение
606 Тематические рубрики __
a Основная рубрика Русская литература в целом
610 Ключевые слова 0_
a Ключевые слова критика
a Ключевые слова критические статьи
a Ключевые слова литературная деятельность
a Ключевые слова литературная критика
a Ключевые слова литературно-критические статьи
a Ключевые слова литературное творчество
a Ключевые слова персоналии
a Ключевые слова писатели
a Ключевые слова поэты
a Ключевые слова русские поэты
686 Индексы других классификаций __
2 Код системы rubbks
a Классификационный индекс 83.3(2=411.2)-8; ст83.3(2Рос=Рус)г
700 Автор _1
a Фамилия Селезнев
b Имя Ю. И.
f Даты 1939-1984
g Полное личное имя Юрий Иванович
4 Код отношения 070
801 Источник записи _0
a Страна ru
b Организация Муниципальное бюджетное учреждение культуры "Централизованная библиотечная система" г. Сургут (Центральная городская библиотека им. А. С. Пушкина)
c Дата составления 20181012
g Правила каталогизации PSBO
801 Источник записи _1
a Страна ru
b Организация Муниципальное бюджетное учреждение культуры "Централизованная библиотечная система" г. Сургут (Центральная городская библиотека им. А. С. Пушкина)
c Дата составления 20181012
g Правила каталогизации PSBO
852 Данные о местонахождении __
j Шифр хранения 83.3(2=411.2)-8
c Каталожный индекс 83.3(2Рос=Рус)
i Авторский знак С 29
p Инвентарный номер 14122
900 Макрообъекты __
a Макрообъекты Мысль чувствующая и живая. Ю. Селезнев
900 Макрообъекты __
a Макрообъекты Экслибрис Лагерева С. А. Мысль чувствующая и живая
901 Тип документа __
t Тип документа m
a Ответственный КиК/Лукашук
903 Характеристики (МАРС) __
a Дата передачи 20181015
990 Данные о заказе (DOS) __
j Количество экземпляров (DOS) 1;1
t N записи в КСУ для И/У (DOS) 201908